000 01027nam a2200265Ia 4500
003 OSt
005 20221005111850.0
006 a|||||r|||| 00| 0
007 ta
008 221004b |||||||| |||| 00| 0 hin d
020 _a9789385309458 (hbk)
_c950
024 _a26670
037 _b371, 08/03/2016, Eastern Book Linkers
_cTextual
040 _aCRL
_cCRL
_bhin
041 _2hin
_ahin
082 _aND44,C, 152Q5
100 _aश्रीवास्तव, रूचि
245 0 _aप्राचीन भारत में शिल्प शिक्षा का विकास
246 _aPrāchīn bhārat mean shilpa shikṣhā kā vikāsa
260 _aवाराणसी
_bकला प्रकाशन भारत
_c2015
300 _a332पृ0
_ccm.
650 _aल्थ्ल्त् क्ल्ज्ञ
942 _hND44,C, 152Q5
_cTEXL
_2cc
999 _c1023129
_d1023129